L'Alphabet de l'athlétisme - Statistiques

Statistiques générales
  • Ce quiz a été pris 68 fois
  • Le résultat moyen est 16 sur 26
Statistiques - réponses
Questions Réponse % Correct
La personne qui pratique l'athlétisme ? Athlète
100%
Engin long et pointu qu'on lance ? Javelot
91%
Course célèbre faisant 42,195 km ? Marathon
91%
Type d'obstacle sur 100 m , 110 m et 400 m ? Haies
88%
Famille de disciplines avec : disque , marteau , poids et javelot ? Lancer
88%
Objet pour le saut à la perche ? Perche
83%
Le noms des courses rapides (100m ,200m et 400 m) ? Sprint
81%
Que veut-on faire en franchissant la ligne en premier ? Gagner
79%
Course se faisant à plusieurs avec un témoin à passer ? Relais
79%
Objet de mesure d'une course ? Chronomètre
72%
Le nom de la compétition en salle ? Indoor
72%
Que faut-il pour etre un bon sprinteur ? Vitesse
71%
Quel saut combine "hop", "step" ," jump" (cloche pied , foulée, saut) ? Triple saut
69%
Que faut-il obtenir pour accéder a une finale ? Qualification
66%
L'espace entre deux appuis en courant ? Foulée
64%
Course à pied extrêmement longue en montagne ? Ultra-trail
60%
Le signal de début de course ? Départ
55%
Quelle ancienne unité de mesure (utilisée surtout aux USA) correspond à environ , 0,91 m ? Yard
53%
Pour éviter les blessures ? Echauffement
48%
Comment s'appelle la fédération mondiale d'athlétisme ? World Athletics
34%
Unité de mesure pour le poids des engins de lancer ? Kilos
31%
Stratégie où l'on court plus vite en deuxième moitié de course ? Négative split
29%
Dans quelle partie du couloir doit-on transmettre le témoin en relais ? Zone de transmission
24%
Course avec des rivières et des barrières à franchir ? Obstacles
21%
Pour partir en sprint ? Bloc de départ
0%
Comment s'appelle la course de fond disputée en champ et forets ? X-country (cross country)
0%
Aucun quiz correspondant
Distribution des résultats
% des personnes avec chaque résultat
Percentile par nombre de réponses
Votre historique - résultats
Vous n’avez pas pris ce quiz